| 000 | 00978cam a22003257a 4500 | ||
|---|---|---|---|
| 003 | CHAP | ||
| 005 | 20220329132916.0 | ||
| 008 | 971013s1988 r 00010 d | ||
| 010 | _a161 | ||
| 011 | _a1133 | ||
| 035 | _a309 | ||
| 040 | _cCHAP | ||
| 082 |
_a001.6424 _bL5Y |
||
| 100 | 0 | 0 |
_aLiskin, Miriam. _967087 |
| 245 | 0 | _adBase III P.L.U.S | |
| 260 |
_aMéxico : _bMcGraw-Hill, _c1988 |
||
| 300 | _a156 p. | ||
| 490 | 0 | _aManual de bolsillo | |
| 590 |
_aBATCH-UPD _b10 _c20130110 _lUCH01 _h0021 |
||
| 590 |
_aBATCH-UPD _b10 _c20130110 _lUCH01 _h1935 |
||
| 590 |
_aBATCH-UPD _b10 _c20130410 _lUCH01 _h1259 |
||
| 590 |
_aBATCH-UPD _b10 _c20130914 _lUCH01 _h1629 |
||
| 590 |
_aCONVERSION _b10 _c20130109 _lUCH01 _h1302 |
||
| 650 | 1 | 4 |
_aDBase III Plus (Programación) _931357 |
| 650 | 1 | 4 |
_aLenguajes de programación. _965989 |
| 830 | 0 |
_aManual de bolsillo _970605 |
|
| 901 | _aBK | ||
| 942 | _cLIBRO | ||
| 949 |
_a001.6424 L5Y _bBC _cLIBRO _d-9750 _eLIBRO _gI.76687 _h76687 _i309 _si _t20.00 |
||
| 999 |
_c161 _d161 |
||